000
00217 a2200097 4500
001
41127
100
_a
Hart B H C
245
_a
Deterrent or defence
260
_a
London
_b
Stevens & Sons (T)
_c
090
_c
25353
_d
25353
942
_a
NUST-CAE
_c
M
_c
17062
999
_c
276200
_d
276200